All fruit in Fruit Battlegrounds - Statistics

General Stats
  • This quiz has been taken 93 times
  • The average score is 26 of 33
Answer Stats
Rarity Chance Fruit % Correct
Common 21.75% Barrier
90%
Rare 1.52% Ice
88%
Epic 1.09% Light
88%
Epic 0.61% Magma
88%
Common 21.75% Sand
88%
Common 21.75% Chop
87%
Legendary 0.06% Dragon
87%
Mythic 0.03% Leopard
87%
Mythic 0.02% Nika
87%
Uncommon 6.2% Rubber
87%
Mythic 0.03% Dough
83%
Legendary 0.11% TSRubber
83%
Mythic 0.02% DragonV2
81%
Uncommon 5.87% Falcon
81%
Legendary 0.15% IceV2
81%
Uncommon 8.27% Smoke
79%
Epic 0.7% String
79%
Rare 2.39% Bomb
77%
Rare 1.41% Darkness
77%
Mythic 0.02% DarkXQuake
77%
Uncommon 6.09% Gas
77%
Legendary 0.15% MagmaV2
77%
Mythic 0.03% Ope
77%
Epic 0.87% Flame
75%
Epic 0.78% Paw
75%
Legendary 0.17% Quake
75%
Mythic 0.02% Soul
75%
Epic 0.61% Love
73%
Mythic 0.03% Lightning
71%
Legendary 0.15% Magnet
69%
Legendary 0.15% Gravity
67%
Mythic 0.03% Venom
67%
Legendary 0.13% Phoenix
65%
No matching quizzes found
Score Distribution
Percent of People with Each Score
Percentile by Number Answered
Your Score History
You have not taken this quiz